|
|
|
|
| LEADER |
00000cam a2200000 7i4500 |
| 001 |
0000007552 |
| 002 |
000008113 |
| 005 |
20000330.0 |
| 020 |
|
|
|a 9830295095
|
| 090 |
0 |
0 |
|a 380.1
|b MOR
|
| 100 |
1 |
|
|a Morgan, K
|
| 245 |
1 |
0 |
|a Perdagangan
|c K. Morgan
|
| 260 |
|
|
|a Petaling Jaya :
|b Sasbadi Sdn. Bhd. ,
|c 1996
|
| 300 |
|
|
|a 255p. ;
|c 21cm.
|
| 490 |
0 |
|
|a Target plus-plus SPM
|
| 650 |
0 |
0 |
|a Commerce
|x Study and teaching
|
| 999 |
|
|
|a 052024
|b BUKU
|c RUJUKAN
|e PERPUSTAKAAN KOMUNITI PETALING JAYA
|
| 999 |
|
|
|a 052025
|b BUKU
|c RUJUKAN
|e PERPUSTAKAAN KOMUNITI PETALING JAYA
|
| 999 |
|
|
|a 052026
|b BUKU
|c RUJUKAN
|e PERPUSTAKAAN KOMUNITI PETALING JAYA
|
| 999 |
|
|
|a 054877
|b BUKU
|c PINJAMAN
|e PERPUSTAKAAN KOMUNITI PETALING JAYA
|
| 999 |
|
|
|a 054878
|b BUKU
|c PINJAMAN
|e PERPUSTAKAAN KOMUNITI CAW KOTA DAMANSARA
|